| 000 | 00387nam a2200145Ia 4500 | ||
|---|---|---|---|
| 008 | 231129s1967||||xx |||||||||||||| ||spa|| | ||
| 020 | _a958-9043-05-0 | ||
| 040 | _bspa | ||
| 082 | _a928.4 C855d | ||
| 100 | _aCoulter Stephen | ||
| 245 | 0 | _aEl demonio del Deseo | |
| 260 | _c1967 | ||
| 264 | _aEditorial de Ediciones Selectas | ||
| 942 |
_2ddc _cBKS |
||
| 999 |
_c10774 _d10774 |
||